GUINNESS WORLD RECORD 2011 (Record no. 1898)
[ view plain ]
| 000 -LEADER | |
|---|---|
| fixed length control field | 00299nam a22001217a 4500 |
| 020 ## - INTERNATIONAL STANDARD BOOK NUMBER | |
| ISBN | 978-1-904994-57-2 |
| 082 ## - DEWEY DECIMAL CLASSIFICATION NUMBER | |
| Classification number | 001 |
| Item number | CAR/G |
| 100 ## - MAIN ENTRY--AUTHOR NAME | |
| Personal name | GLENDAY, CRAIG |
| 245 ## - TITLE STATEMENT | |
| Title | GUINNESS WORLD RECORD 2011 |
| 260 ## - PUBLICATION, DISTRIBUTION, ETC. (IMPRINT) | |
| Place of publication | USA |
| Name of publisher | THE JIM PATTSON GROUP |
| 650 ## - SUBJECT ADDED ENTRY--TOPICAL TERM | |
| Topical Term | GENERAL KNOWLEDGE |
| Geographic subdivision | UNITED STATES |
| 942 ## - ADDED ENTRY ELEMENTS (KOHA) | |
| Koha item type | Books |
| Withdrawn status | Lost status | Collection code | Home library | Current library | Shelving location | Date acquired | Source of acquisition | Full call number | Accession Number | Koha item type |
|---|---|---|---|---|---|---|---|---|---|---|
| Reference | Main Library | Main Library | SHELF 1-C ENCYCLOPEDIAS ,G K REFERENCE | 15/05/2012 | purchase | 001 CAR/G | 06108 | Books |